000 00463nam a22001697a 4500
005 20241113145357.0
008 241113b |||||||| |||| 00| 0 eng d
020 _a9781119748496
082 _a643.58
_bPOW-W
100 P _aPowers, Tara
245 _aWorking From Home For Dummies /
_cPowers, Tara
260 _aUSA:
_bElsevier;
_c2020.
300 _axiv, 420 p. :
_bill;
_c24 cm.
500 _ainclude index.
650 _aInformation technology
999 _c36768
_d36768